000 00686nam a2200253Ia 4500
003 OSt
005 20220926022755.0
006 a|||||r|||| 00| 0
007 ta
008 220923b |||||||| |||| 00| 0 eng d
020 _a0442804407
037 _cGeneral Book
040 _aRTL
_cRTL
_beng
041 _2eng
_aeng
082 _aX:75, L8
100 _aKing William R.
245 0 _aStrotegic planning and policy
260 _aNew York
_bVan Nostrand U. S. A.
_c1978
300 _aix, 374p.
_ccm.
650 _aPlanned Economy
700 _a Cleland David I.
942 _hX:75, L8
_cGB
_2CC
999 _c640268
_d640268